00812nam a2200229 i 450000100060000000300090000600500170001500700030003200800410003510000400007624500800011625000120019626000360020830000330024449000360027760000300031370000370034383000410038085200220042199900170044395201220046037207ES-MaACL20260129180907.0t|030220s1972 sp ||||1| spa d1 aBuck, Pearl S. (d1892-1973)93231614aLas mujeres Kennedy / cPearl S. Buck ; [traducción de Ángela Pérez]. a1ª ed. a[Barcelona] : bDopesa, c1972. a189 p., 14 lám. ; c22 cm.1 aTestimonio de actualidad ; v1734aKennedy (Familia)91587011 aPérez Gómez, Ángela9905551 aTestimonio de actualidadv1791816954 aES-MaACLjC-42945 c37207d37207 00104070aATENEOMbATENEOMcDEPO2d2008-01-17eSCl0oC-42945p1039148r2023-02-23 00:00:00w2023-02-23yMONOGRAFIA